| 000 | 00948nam a2200277Ia 4500 | ||
|---|---|---|---|
| 003 | OSt | ||
| 005 | 20220918170719.0 | ||
| 006 | a|||||r|||| 00| 0 | ||
| 007 | ta | ||
| 008 | 220917b |||||||| |||| 00| 0 eng d | ||
| 020 |
_a9780415694599 (pbk) _c2751.63 |
||
| 024 | _a280,871 | ||
| 037 |
_bCBS/303, 20/03/2014, Classic Book Service _cTextual |
||
| 040 |
_aARTS _cARTS _beng |
||
| 041 |
_2eng _aeng |
||
| 082 | _aO111:g(Y:43), Q4 | ||
| 100 |
_aBuelens Gert Ed. _92616 |
||
| 245 | 0 |
_aFuture of trauma theory _b Contemporary literary and cultural critcism |
|
| 260 |
_aLondon _bRoutledge UK _c2014 |
||
| 300 |
_axviii, 181p. _ccm. |
||
| 650 | _aENGLISH LITERATURE | ||
| 700 |
_a Durrant Sam Ed. _930585 |
||
| 700 |
_a Eaglestone Robert Ed. _930586 |
||
| 942 |
_hO111:g(Y:43), Q4 _cTEXL _2CC |
||
| 999 |
_c135315 _d135315 |
||